| 000 | 00364nam a2200121Ia 4500 | ||
|---|---|---|---|
| 008 | 220204s9999 xx 000 0 und d | ||
| 082 |
_a973 _bHAM |
||
| 100 | _aAlexander | ||
| 245 | 0 | _aAmerican state papers: The federalist on liberty representative government utilitarianism | |
| 260 |
_aChicago _bEncyclopedia Britanica _c1952 |
||
| 505 | _aSet price | ||
| 942 | _cBK | ||
| 999 |
_c36170 _d36170 |
||